Envisioning a new system of education (Record no. 67972)

MARC details
000 -CABECERA
campo de control de longitud fija 00571nam a2200217 a 4500
005 - FECHA Y HORA DE LA ÚLTIMA TRANSACCIÓN
campo de control 20210219153100.0
008 - ELEMENTOS DE LONGITUD FIJA--INFORMACIÓN GENERAL
campo de control de longitud fija 991125n 000 0 u
035 ## - NÚMERO DE CONTROL DEL SISTEMA
Número de control de sistema UPN01000076900
100 ## - ASIENTO PRINCIPAL--NOMBRE PERSONAL
Nombre de persona Charles, M.
222 ## - TÍTULO CLAVE
Título clave EDUCATIONAL TECHNOLOGY
245 ## - MENCIÓN DE TÍTULO
Título Envisioning a new system of education
300 ## - DESCRIPCIÓN FÍSICA
Extensión 17-23
362 ## - FECHAS DE PUBLICACIÓN Y/O DESIGNACIÓN SECUENCIAL
Fecha de publicación y/o designación secuencial 32, No. 11, 1992
505 ## - NOTA DE CONTENIDO CON FORMATO PREESTABLECIDO
Nota de contenido con formato Abril 1993
653 0# - TERMINO DE INDIZACION - NO CONTROLADO
Término no controlado CAMBIO EDUCATIVO
653 0# - TERMINO DE INDIZACION - NO CONTROLADO
Término no controlado INNOVACION EDUCATIVA
653 0# - TERMINO DE INDIZACION - NO CONTROLADO
Término no controlado SISTEMAS DE ENSE\197ANZA
700 ## - ASIENTO SECUNDARIO--NOMBRE DE PERSONAL
Nombre de persona Garfinkle, Robert J.
904 ## - ELEMENTOS DE DATOS D LOCAL, LDD (RLIN)
a AC
b 014711
905 ## - TIPO DE MATERIAL
Tipo de material Articulo

No items available.